00707cam a2200205Ma 450000500170000000800410001702000150005802000180007304000500009104100080014110000210014924500480017026000490021830000420026749000670030965000350037665000360041165000360044770000180048320180312142016.0140728s1990 ck a gr 000 j spa d a9580412731 a9789580412731 aCO-BoUCMbspacJose A. GerenadJose A. Gerena1 aspa1 aViza, Montserrat13aEl AnochecercMontserrat Viza, Irene Bordoy aBogotá (Colombia)bParramónbNormac1990 a[16] páginasbilustraciones a color1 aPrimera biblioteca de los niñosalas cuatro partes del día 7aLibros y lectura para niños  7aLiteratura infantil española  7aCuentos ilustrados para niños1 aBordoy, Irene